000 01156cad a22002055a 4500
001 L155007
008 120217s2012 xxk f 000 0 eng d
035 _a(Sirsi) u155007
041 0 _aeng
110 2 _aCMS Cameron McKenna
_95874
245 0 0 _aConsultation on changes to the building regulations in England
_benergy efficiency
_h[electronic resource]
260 _aLondon
_bCMS Cameron McKenna LLP
_c2012
490 0 _aLaw-Now Article
520 _aAn overview: on 31 January 2012 the Department for Communities and Local Government launched a consultation on proposed changes to the Building Regulations regime in England. If implemented, some of these changes may become effective from October 2012 with more following in 2013. The changes relevant to this article are those aimed at reaching carbon targets for buildings by improving energy efficiency and existing building control systems.
590 _aKA
651 4 _aEngland
_y886-
690 _aBuilding regulations
_96224
856 4 0 _uhttps://www.law-now.com/DirectMail/%7B4F49BB29-B3C9-4B88-A65D-CB3942D759DD%7D_energyeffic7feb12.htm
_zView this article at www.law-now.com
942 _n0
999 _c113280
_d113280